Les métros au cinéma - Statistiques

Statistiques générales
  • Ce quiz a été pris 68 fois
  • Le résultat moyen est 5 sur 14
Statistiques - réponses
Par images Réponse % Correct
Les Minions
91%
Spider-man 2
74%
Zootopia
67%
Soul
48%
Le Fabuleux Destin d'Amélie Poulain
40%
Lol
38%
Mr Robot
31%
Skyfall
31%
Tokyo Revengers
22%
Jujutsu Kaisen
21%
Collatéral
16%
2 broke girls
10%
Les heures sombres
10%
The raid 2
2%
Aucun quiz correspondant
Distribution des résultats
% des personnes avec chaque résultat
Percentile par nombre de réponses
Votre historique - résultats
Vous n’avez pas pris ce quiz